| 000 | 00504nam a2200169 a 4500 | ||
|---|---|---|---|
| 005 | 20210223123012.0 | ||
| 008 | 991125s1959 mos 000 0 spa u | ||
| 035 | _aUPN01000045590 | ||
| 049 | _aCG | ||
| 050 | 4 |
_aGV943 _bS7.68 |
|
| 100 | 1 | _aStárostin, Andrei Petrovich | |
| 245 | 1 | 0 |
_aPor esas canchas de fútbol / _cA. Stárostin ; tr. del ruso por A. Usen. |
| 260 |
_aMoscú : _bLenguas Extranjeras, _c1959. |
||
| 300 |
_a313 p. : _bil. |
||
| 650 | 4 |
_aFUTBOL (SOCCER) - _zRUSIA _919241 |
|
| 905 | _aLibro | ||
| 999 |
_c45590 _d45590 |
||